Kur'an ve tarih önünde Türk'ün muhasebesi (Record no. 1109)

MARC details
000 -BAŞLIK
Sabit Uzunlukta Kontrol Alanı 00682na a2200253 4500
001 - KONTROL NUMARASI
Denetim Alanı 12886
003 - KONTROL NUMARASI IDENTIFIER
Denetim Alanı MIRAKIL
005 - SON İŞLEM TARİHİ VE ZAMANI
Denetim Alanı 20181213154812.0
008 - SABİT-BOY VERİ ELEMANLARI - GENEL BİLGİLER
Sabit Uzunlukta Kontrol Alanı 161010b tu 000 0
020 ## - ULUSLARARASI STANDART KİTAP NUMARASI
Uluslararası Standart Kitap Numarası 9789752673205
035 ## - SİSTEM KONTROL NUMARASI
Sistem Kontrol Numarası 12886
040 ## - KATALOGLAMA KAYNAK
Orijinal Kataloglama Ajansı Milas
Kataloglama Dili tur
Metne Dönüştürmek Ajansı TR-AnCHP
041 ## - DİL KODU
Metin / Ses Parça Veya Ayrı Başlığın Dil Kodu tur
082 ## - DEWEY ONLU SINIFLANDIRMA NUMARASI
Sınıflandırma Numarası 297.9435
Ürün Numarası D63k 2010
090 ## - SINIFLAMA NUMARASI
Sınıflama Numarası 297.9435 D63k 2010
100 ## - ANA GİRİŞ - KİŞİSEL İSİM
Kişisel Ad Doğan, Mehmet
245 ## - BAŞLIK TABLOSU
Başlık Kur'an ve tarih önünde Türk'ün muhasebesi
Sorumluluk Tablosu, Vb Mehmet Doğan
250 ## - EDITION TABLOSU
Baskı Beyanı gnşl. 7. bs.
260 ## - YAYIN, DAĞITIM, VB
Yayın, Dağıtım, Vb Yeri Ankara
Yayıncı, Dağıtıcı, Vs Adı Berikan Yayınevi
Yayın, Dağıtım, Vb Tarihi 2010
300 ## - FİZİKSEL TANIM
Kapsam 432 s.
Boyutlar 23 sm.
650 ## - KONU KATMA GİRİŞ - TOPİKAL DÖNEM
Topikal Süreli Veya Coğrafi Ad Giriş Elemanı İslam
Genel Alt Bölümü Osmanlı padişahları
650 ## - KONU KATMA GİRİŞ - TOPİKAL DÖNEM
Topikal Süreli Veya Coğrafi Ad Giriş Elemanı İslam
Genel Alt Bölümü Türkler
-- Tarih
942 ## - EKLENDİ GİRİŞ ELEMANLARI (KOHA)
Sınıflandırma Veya Raf Düzeni Kaynak
Koha Öğesi Türü Books
999 ## - SİSTEM KONTROL NUMARALARI (KOHA)
Koha Biblionumber 1109
Koha Biblioitemnumber 1109
Holdings
Kalıcı Konum Mevcut Konum Edinme Tarihi Edinim Kaynak Toplam Check-Out'Lar Tam Çağrı Numarası Barkod Tarih Son Görülme İtibaren Geçerli Fiyatlar Koha Öğesi Türü
CHP Kütüphanesi CHP Kütüphanesi 08/03/2016 Bağış   297.9435 D63k 2010 000481 08/03/2016 08/03/2016 Books